| 000 | 00418nam a2200097Ia 4500 | ||
|---|---|---|---|
| 008 | 180130s9999 xx 000 0 und d | ||
| 245 |
_cArhouma, Ashraf Kamal; Amaitik, Saleh M. _aElements of data communication for alarm correlation in GSM networks based on artificial networks |
||
| 260 | _c2015 | ||
| 300 | _aBook title: Elements of data communication--Acession number C20540; pages 49-64 | ||
| 650 | _aDATA COMMUNICATION | ||
| 999 |
_c353856 _d353856 |
||